Research bulletin.

Guardat en:
Dades bibliogràfiques
Autor corporatiu: Royal Melbourne Technical College
Format: Revista
Idioma:English
Publicat: Melbourne : Royal Melbourne Technical College, 1951-54.
Matèries:
LEADER 01109nas a22003011a 4500
001 c000152718
003 CARM
005 20020205155242.0
008 960125d19511954vraar p 0 uua0eng d
019 1 |a 12090384  |5 LACONCORD2021 
035 |a (OCoLC)221839083  |5 LACONCORD2021 
040 |a CLONE  |c VU 
042 |a anuc 
043 |a u-at-vi 
130 0 |a Research bulletin (Royal Melbourne Technical College) 
245 1 0 |a Research bulletin. 
260 |a Melbourne :  |b Royal Melbourne Technical College,  |c 1951-54. 
300 |a 3 v. 
362 0 |a No. 1 (1951)-no. 3 (1954) 
610 2 0 |a Royal Melbourne Technical College  |x Periodicals. 
650 0 |a Universities and colleges  |z Victoria  |z Melbourne  |x Periodicals. 
710 2 |a Royal Melbourne Technical College. 
852 8 |b CARM  |h A3:AB27E3  |i D02291  |p 0124038  |f SE 
866 0 |a 1(1951)-3(1954) 
866 0 |a 1(1951)-3(1954) 
082 0 4 |a 378.9451  |2 20 
999 f f |i 4fb56994-cb7a-5355-9fe1-02bb28e1bb17  |s eeee594f-1c83-5606-b671-dfbc489c1bf8 
952 f f |p Can circulate  |a CAVAL  |b CAVAL  |c CAVAL  |d CARM 1 Store  |e D02291  |f A3:AB27E3  |h Other scheme  |i book  |k  1(1951)-3(1954)  |m 0124038